Kinesiología, sida y rehabilitación : (Record no. 2379)

MARC details
000 -LEADER
fixed length control field 01794nam a2200313 a 4500
001 - CONTROL NUMBER
control field 469151
005 - DATE AND TIME OF LATEST TRANSACTION
control field 20141121093840.0
008 - FIXED-LENGTH DATA ELEMENTS--GENERAL INFORMATION
fixed length control field 030225s1997 ag 000 0 spa d
020 ## - INTERNATIONAL STANDARD BOOK NUMBER
International Standard Book Number 9879659708
035 ## - SYSTEM CONTROL NUMBER
System control number (Sirsi) 01-AAL-2745
035 ## - SYSTEM CONTROL NUMBER
System control number stmp01-AAL-2745
082 ## - DEWEY DECIMAL CLASSIFICATION NUMBER
Edition number 14
Classification number 616.9
090 ## - LOCALLY ASSIGNED LC-TYPE CALL NUMBER (OCLC); LOCAL CALL NUMBER (OCLC)
Classification number (OCLC) (R) ; Classification number, CALL (RLIN) (NR) 616.9 S135
100 1# - MAIN ENTRY--PERSONAL NAME
Personal name Saint-Bonnet, José Raúl
9 (RLIN) 2403
245 10 - TITLE STATEMENT
Title Kinesiología, sida y rehabilitación :
Remainder of title prevención, infección, patologías asociadas, tratamientos /
Statement of responsibility, etc José Raúl Saint-Bonnet
260 ## - PUBLICATION, DISTRIBUTION, ETC. (IMPRINT)
Place of publication, distribution, etc Buenos Aires :
Name of publisher, distributor, etc Luis Cuaranta,
Date of publication, distribution, etc 1997.
300 ## - PHYSICAL DESCRIPTION
Extent 190p. ;
Other physical details il.
500 ## - GENERAL NOTE
General note Bibliografía: p.187-190.
505 ## - FORMATTED CONTENTS NOTE
Formatted contents note Capítulo 1 Características de la enfermedad. Su aparición. Primeros casos. Evolución. Etapas de la enfermedad. Capítulo 2 Sentimientos del portador. Actitud de la familia y entorno social. Capítulo 3 Posición profesional ante el enfermo. Capítulo 4 Formas de contagio. Capítulo 5 Riesgo profesional. Medidas preventivas.Bioseguridad. Manejo del paciente. Cuidados especiales. Capítulo 6 Patologías asociadas. Capítulo 7 Rehabilitación, definición, conceptos. Capítulo 8 Rehabilitación cardíaca. Capítulo 9 Rehabilitación motriz. Capítulo 10 Rehabilitación neurológica. Capítulo 11 Rehabilitación respiratoria. Capítulo 12 Manejo pediátrico. Capítulo 13 Conclusiones.
650 #0 - SUBJECT ADDED ENTRY--TOPICAL TERM
Topical term or geographic name as entry element SINDROME DE INMUNODEFICENCIA ADQUIRIDA
Source of heading or term decs
9 (RLIN) 1683
650 #0 - SUBJECT ADDED ENTRY--TOPICAL TERM
Topical term or geographic name as entry element ENFERMEDADES TRANSMISIBLES
Source of heading or term decs
9 (RLIN) 41
650 10 - SUBJECT ADDED ENTRY--TOPICAL TERM
Topical term or geographic name as entry element PREVENCION DE ENFERMEDADES TRANSMISIBLES
Source of heading or term decs
9 (RLIN) 2405
650 10 - SUBJECT ADDED ENTRY--TOPICAL TERM
Topical term or geographic name as entry element REHABILITACION
Source of heading or term decs
9 (RLIN) 2404
650 #0 - SUBJECT ADDED ENTRY--TOPICAL TERM
Topical term or geographic name as entry element PATOLOGIA
Source of heading or term decs
9 (RLIN) 837
650 #0 - SUBJECT ADDED ENTRY--TOPICAL TERM
Topical term or geographic name as entry element PEDIATRIA
Source of heading or term decs
9 (RLIN) 187
942 ## - ADDED ENTRY ELEMENTS (KOHA)
Source of classification or shelving scheme Dewey Decimal Classification
Item type Libro, folleto, traducción
949 ## - LOCAL PROCESSING INFORMATION (OCLC)
a UCAR 01-AAL-2745
w ASIS
m BC
x CONVERSION
990 ## - EQUIVALENCES OR CROSS-REFERENCES [LOCAL, CANADA]
Link information for 9XX fields Universidad Católica Argentina - Sistema de Bibliotecas
Holdings
Withdrawn status Lost status Source of classification or shelving scheme Damaged status Not for loan Home library Current library Date acquired Source of acquisition Total Checkouts Full call number Barcode Date last seen Price effective from Koha item type
    Dewey Decimal Classification     Biblioteca Central Biblioteca Central 20/11/2014 Donación   616.9792 SAI B UNAJ14111562 17/03/2025 20/11/2014 Libro, folleto, traducción

Lunes a Viernes 8:30 a 19:00 hs. Cerrado por mudanza
Av.Calchaqui 6200 Florencio Varela (CP188) 2°piso Edificio Mosconi Aula 209-210
Mail: bibliotecacentralunaj@gmail.com  
Whatsapp(54 9)1122668024    ❔Pregunte a la bibliotecaria
© Universidad Nacional Arturo Jauretche | Secretaría Académica | Biblioteca Central UNAJ